[Event "FRA-chT2 South 0809"]
[Site "France"]
[Date "2009.01.18"]
[Round "6.8"]
[White "Schwarz, Klaus"]
[Black "Vignette, Jeanne"]
[Result "0-1"]
[WhiteElo "1410"]
[BlackElo "1483"]
[PlyCount "56"]
[EventDate "2008.10.12"]
[EventType "team-tourn"]
[EventRounds "11"]
[EventCountry "FRA"]
[SourceTitle "EXT 2010"]
[Source "ChessBase"]
[SourceDate "2010.11.25"]
[SourceVersion "1"]
[SourceVersionDate "2010.11.25"]
[SourceQuality "1"]
[WhiteTeam "Condom"]
[BlackTeam "Saint Affrique"]
[WhiteTeamCountry "FRA"]
[BlackTeamCountry "FRA"]

1. e4 e5 2. Nf3 Nc6 3. Nc3 Nf6 4. d3 Bb4 5. Bd2 0-0 6. Be2 d6 7. 0-0 Bg4 8. a3 Ba5 9. b4 Bb6 10. Rb1 Bxf3 11. Bxf3 Nd4 12. Bg5 c6 13. Na4 h6 14. Nxb6 axb6 15. Ra1 hxg5 16. c3 Nxf3+ 17. Qxf3 Re8 18. Qe3 g4 19. c4 d5 20. Rfd1 d4 21. Qe2 Qd7 22. Rd2 Nh5 23. g3 f5 24. f3 Nf6 25. f4 exf4 26. gxf4 fxe4 27. dxe4 Nxe4 28. Rda2 Nc3 0-1

[Event "Wichern op 5th"]
[Site "Hamburg"]
[Date "1999.10.19"]
[Round "6"]
[White "Schwarz, Klaus"]
[Black "Buchheister, Benjamin"]
[Result "1/2-1/2"]
[WhiteElo "1720"]
[BlackElo "853"]
[PlyCount "99"]
[EventDate "1999.10.15"]
[EventType "swiss"]
[EventRounds "9"]
[EventCountry "GER"]
[SourceTitle "EXT 2001"]
[Source "ChessBase"]
[SourceDate "2000.11.22"]
[SourceVersion "1"]
[SourceVersionDate "2000.11.22"]
[SourceQuality "1"]

1. d4 Nf6 2. c4 g6 3. Nc3 Bg7 4. e4 d6 5. Be2 Nbd7 6. Nf3 0-0 7. 0-0 e5 8. d5 Nc5 9. Qc2 Ne8 10. Nd2 f5 11. f3 f4 12. b4 Nd7 13. Ba3 a5 14. bxa5 Rxa5 15. Bb4 Ra8 16. Nb3 b6 17. a4 Rf7 18. a5 Bf8 19. Nb5 Ba6 20. Ra2 Bxb5 21. cxb5 bxa5 22. Bxa5 Nb6 23. Rfa1 Rb8 24. Be1 Rg7 25. Na5 Qd7 26. Bf2 g5 27. Nc6 Rb7 28. Ra7 Rxa7 29. Rxa7 Qc8 30. Bxb6 Kh8 31. Bf2 h5 32. h3 Nf6 33. b6 cxb6 34. Rxg7 Bxg7 35. Nb4 Qg8 36. Qd1 Bh6 37. Bxb6 Qb8 38. Ba5 Qa7+ 39. Kh1 Qxa5 40. Nc6 Qc7 41. Qa4 Qd7 42. Qa8+ Kh7 43. Nd8 g4 44. hxg4 hxg4 45. fxg4 Nxg4 46. Ne6 Nf6 47. Qc6 Kh8 48. Bg4 Qe8 49. Bf3 Qe7 50. Qc8+ 1/2-1/2

[Event "Wichern op 5th"]
[Site "Hamburg"]
[Date "1999.10.15"]
[Round "1"]
[White "Lohou, Stephane"]
[Black "Schwarz, Klaus"]
[Result "1-0"]
[WhiteElo "2165"]
[BlackElo "1720"]
[PlyCount "49"]
[EventDate "1999.10.15"]
[EventType "swiss"]
[EventRounds "9"]
[EventCountry "GER"]
[SourceTitle "EXT 2001"]
[Source "ChessBase"]
[SourceDate "2000.11.22"]
[SourceVersion "1"]
[SourceVersionDate "2000.11.22"]
[SourceQuality "1"]

1. e4 c5 2. c3 e6 3. d4 d5 4. exd5 Qxd5 5. Nf3 Nf6 6. Bd3 Nc6 7. Na3 Qd8 8. Nc2 a6 9. Qe2 Be7 10. 0-0 0-0 11. dxc5 Bxc5 12. Bg5 Be7 13. c4 h6 14. Bh4 Qa5 15. a3 Qh5 16. Rfe1 Rd8 17. Rad1 Bd7 18. b4 Be8 19. h3 g5 20. g4 Nxg4 21. hxg4 Qxg4+ 22. Bg3 Bd7 23. Nh2 Qxe2 24. Bxe2 f5 25. Bc7 1-0